logo

Bir Sreshtho Munshi Abdur Rouf Library
Jhenaidah Cadet College

Political Science and Government / (Record no. 9266)

MARC details
000 -LEADER
fixed length control field 00537nam a22002177a 4500
001 - CONTROL NUMBER
JCCL Control Number 9266
003 - CONTROL NUMBER IDENTIFIER
JCCL marc code BD-JhCC
005 - DATE AND TIME OF LATEST TRANSACTION
control field 20180312125318.0
008 - FIXED-LENGTH DATA ELEMENTS--GENERAL INFORMATION
fixed length control field 180312b1956 bg ||||| |||| 00| 0 eng d
035 ## - SYSTEM CONTROL NUMBER
system control number (BD-JhCC)9266
040 ## - CATALOGING SOURCE
Original cataloging agency BD-JhCC
Modifying agency BD-JhCC
041 ## - LANGUAGE CODE
Language code of Book eng
082 ## - DEWEY DECIMAL CLASSIFICATION NUMBER
Classification number 320
Author mark and Year RAH 1956
100 ## - MAIN ENTRY--PERSONAL NAME
Personal name Rahman, H.
245 ## - TITLE STATEMENT
Title Political Science and Government /
Statement of responsibility, etc H. Rahman
260 ## - PUBLICATION, DISTRIBUTION, ETC. (IMPRINT)
Place of publication, distribution, etc DHAKA :
Name of publisher, distributor, etc Ideal Publications
Date of publication, distribution, etc 1956.
300 ## - PHYSICAL DESCRIPTION
Pagination 160 p. :
Dimensions 17 cm.
650 ## - SUBJECT ADDED ENTRY--TOPICAL TERM
Topical term or geographic name as entry element Polital Science
942 ## - ADDED ENTRY ELEMENTS (KOHA)
Source of classification or shelving scheme Dewey Decimal Classification
Koha item type Books
Holdings
Source of classification or shelving scheme Damaged status Not for loan Home library Current library Shelving location Date of accession Total Checkouts Full call number Barcode Date last seen Copy number Koha item type
Dewey Decimal Classification     JCC Rouf Library JCC Rouf Library General Stacks 03/12/2018   320 RAH 1956 12011 03/12/2018 C-1 Books

JCC Library | Contacts | JCC Home

Last Update on 23 September 2017
Copyright @ 2017-2020 JCC Rouf Library
Rouf Library, Jhenidah Cadet College (JCC), Bangladesh